[Event "Piestany Slovakia op-B"]
[Site "Piestany"]
[Date "2024.07.17"]
[Round "9"]
[White "Janouskova, Eliska"]
[Black "Adamik, Igor"]
[Result "1-0"]
[WhiteElo "1670"]
[BlackElo "1000"]
[PlyCount "33"]
[EventDate "2024.07.09"]
[EventType "swiss"]
[EventRounds "9"]
[EventCountry "SVK"]
[SourceTitle "EXT 2025"]
[Source "ChessBase"]
[SourceDate "2024.10.14"]
[SourceVersion "1"]
[SourceVersionDate "2024.10.14"]
[SourceQuality "1"]

1. e4 e6 2. Nf3 d5 3. Nc3 Nf6 4. e5 Nfd7 5. d4 c5 6. dxc5 Bxc5 7. Bd3 Nc6 8. Bf4 Qb6 9. 0-0 Qxb2 10. Nb5 0-0 11. Bxh7+ Kxh7 12. Ng5+ Kg6 13. Qd3+ f5 14. exf6+ Kxf6 15. Rfb1 Nb4 16. Qe2 Bxf2+ 17. Kh1 1-0

[Event "Piestany Slovakia op-B"]
[Site "Piestany"]
[Date "2024.07.15"]
[Round "7"]
[White "Havalda, Samuel"]
[Black "Adamik, Igor"]
[Result "1-0"]
[WhiteElo "1850"]
[BlackElo "1000"]
[PlyCount "79"]
[EventDate "2024.07.09"]
[EventType "swiss"]
[EventRounds "9"]
[EventCountry "SVK"]
[SourceTitle "EXT 2025"]
[Source "ChessBase"]
[SourceDate "2024.10.14"]
[SourceVersion "1"]
[SourceVersionDate "2024.10.14"]
[SourceQuality "1"]

1. e4 e6 2. d4 d5 3. Nc3 Nf6 4. Bg5 Bb4 5. e5 h6 6. Bd2 Bxc3 7. bxc3 Ne4 8. Bd3 Nxd2 9. Qxd2 c5 10. f4 Nc6 11. Nf3 Qb6 12. Be2 Bd7 13. 0-0 c4 14. Kh1 Qd8 15. Qe1 Ne7 16. Nh4 Nf5 17. Nxf5 exf5 18. h3 h5 19. Bf3 Be6 20. g3 g5 21. fxg5 Qxg5 22. h4 Qg6 23. Rg1 0-0-0 24. Qe3 a6 25. Qf4 Qg7 26. Kh2 Qf8 27. a4 Qe7 28. Bg2 Rdg8 29. Bh3 Qd7 30. Rgf1 Rg7 31. Bxf5 Rhg8 32. Bxe6 Qxe6 33. Rf3 Qg6 34. Raf1 Qxc2+ 35. R1f2 Qxa4 36. e6 fxe6 37. Qd6 Re8 38. Rf8 Qd7 39. Rxe8+ Qxe8 40. Rf8 1-0